| 000 | 00669nam a2200193 i 4500 | ||
|---|---|---|---|
| 001 | 146600 | ||
| 003 | ES-MaACL | ||
| 005 | 20230906201612.0 | ||
| 007 | t| | ||
| 008 | 070912s1933 fr ||||1| fre d | ||
| 100 | 1 |
_aToulemon, André. _9111125 |
|
| 245 | 1 | 3 |
_aLe suffrage familial on suffrage universel integral _b: le vote des femmes / _cpar André Toulemon ; preface de M. Georges Pernot. |
| 260 |
_aParis : _bLibrairie du Recueil Sirey, _c1933 ( _fLiége G. Thone) |
||
| 300 |
_a240 p. ; _c28 cm. |
||
| 650 | 4 |
_aSufragio universal. _9136893 |
|
| 650 | 4 |
_aMujeres- _xVoto. _9151875 |
|
| 700 | 1 |
_aPernot, Georges ( _d1879-1962) _9164309 |
|
| 852 |
_aES-MaACL _jA-2375 |
||
| 999 |
_c146600 _d146600 |
||